| 000 | 00497nam a2200169 a 4500 | ||
|---|---|---|---|
| 005 | 20220729125212.0 | ||
| 008 | 021115s1959 mx r 000 0 spa d | ||
| 035 | _aUPN01000121029 | ||
| 049 | _aCG | ||
| 050 | 4 |
_aF1219.3 A8 _bA84 |
|
| 245 | 0 | 0 | _aAtlas arqueológico de la República Mexicana. |
| 260 |
_aMéxico : _bINAH, _c1959. |
||
| 300 |
_a31 v. : _bil. |
||
| 500 | _aLa biblioteca tiene el v.1 : Quintana Roo/ por Florencia Muller | ||
| 650 | 2 |
_aArqueología _zMéxico _94722 |
|
| 905 | _aLibro | ||
| 999 |
_c93337 _d93337 |
||